00341nam a2200085Ia 4500008004100000022001400041245013600055260002100191856004300212240731s9999 xx 000 0 und d a1745-9745 0aJournal of Mathematics and Music : Mathematical and Computational Approaches to Music Theory, Analysis, Composition and Performance bTaylor & Francis uhttps://www.tandfonline.com/loi/tmam20